ISPRS Journal of Photogrammetry and Remote Sensing (Record no. 118603)

MARC details
000 -LEADER
fixed length control field 00869cas a22002415a 4500
001 - CONTROL NUMBER
control field ##L98967
008 - FIXED-LENGTH DATA ELEMENTS--GENERAL INFORMATION
fixed length control field 070705c1989 ne br p 0 a0eng
022 1# - INTERNATIONAL STANDARD SERIAL NUMBER
International Standard Serial Number 0924-2716
035 ## - SYSTEM CONTROL NUMBER
System control number (Sirsi) u98967
041 0# - LANGUAGE CODE
Language code of text/sound track or separate title eng
110 2# - MAIN ENTRY--CORPORATE NAME
Corporate name or jurisdiction name as entry element International Society for Photogrammetry and Remote Sensing
9 (RLIN) 2623
245 00 - TITLE STATEMENT
Title ISPRS Journal of Photogrammetry and Remote Sensing
260 ## - PUBLICATION, DISTRIBUTION, ETC.
Place of publication, distribution, etc. Amsterdam
Name of publisher, distributor, etc. Elsevier
Date of publication, distribution, etc. 1989-
520 ## - SUMMARY, ETC.
Summary, etc. Kept for five years
520 ## - SUMMARY, ETC.
Summary, etc. Website links through to Elsevier which provides tables of contents, abstracts and selected full text articles.
554 ## -
-- Six per year
651 #4 - SUBJECT ADDED ENTRY--GEOGRAPHIC NAME
Geographic name International
690 ## - LOCAL SUBJECT ADDED ENTRY--TOPICAL TERM (OCLC, RLIN)
Topical term or geographic name as entry element ENVIRONMENTAL AND LAND CONSULTANCY-GEOMATICS
780 00 - PRECEDING ENTRY
Title Photogrammetria
856 48 - ELECTRONIC LOCATION AND ACCESS
Uniform Resource Identifier <a href="https://www.itc.nl/isprsjournal/">https://www.itc.nl/isprsjournal/</a>
Public note View further information on this journal at www.itc.nl...
942 ## - ADDED ENTRY ELEMENTS (KOHA)
Suppress in OPAC 0
948 ## - LOCAL PROCESSING INFORMATION (OCLC); SERIES PART DESIGNATOR (RLIN)
c (OCLC) 20/01/1995
Holdings
Withdrawn status Lost status Source of classification or shelving scheme Damaged status Not for loan Home library Current library Shelving location Date acquired Total Checkouts Full call number Barcode Date last seen Price effective from Koha item type
    Other/Generic Classification Scheme     London London Gallery 21/04/2004   ISPRS JOURNAL OF PHOTOGRAMMETRY... 98967-1001 06/08/2019 06/08/2019 Journal